<?xml version="1.0" encoding="UTF-8"?>
<collection xmlns="http://www.loc.gov/MARC21/slim">
  <record>
    <leader>00000nam  2200000   4500</leader>
    <controlfield tag="001">NUTBA000000000004856</controlfield>
    <controlfield tag="005">20200819092048</controlfield>
    <datafield tag="035" ind1="#" ind2="#">
      <subfield code="a">0010-101400000000086</subfield>
    </datafield>
    <controlfield tag="008">200819################g##########0#ind##</controlfield>
    <datafield tag="082" ind1="#" ind2="#">
      <subfield code="a">2x9.1</subfield>
    </datafield>
    <datafield tag="100" ind1="1" ind2="#">
      <subfield code="a">Said, as Khumais</subfield>
    </datafield>
    <datafield tag="245" ind1="1" ind2="#">
      <subfield code="a">Tersenyumlah! sebagimana Rasulullah dan para sahabat tersenyum /</subfield>
      <subfield code="c">Khumais as-Said</subfield>
    </datafield>
    <datafield tag="260" ind1="#" ind2="#">
      <subfield code="a">Bogor :</subfield>
      <subfield code="b">Pustaka Ibnu Katsir,</subfield>
      <subfield code="c">2005</subfield>
    </datafield>
    <datafield tag="084" ind1="#" ind2="#">
      <subfield code="a">2x9.1 SAI t</subfield>
    </datafield>
    <datafield tag="250" ind1="#" ind2="#">
      <subfield code="a">Cet.1</subfield>
    </datafield>
    <datafield tag="300" ind1="#" ind2="#">
      <subfield code="a">xiii, 249 hlm., ;</subfield>
      <subfield code="c">15x24 cm</subfield>
    </datafield>
    <datafield tag="650" ind1="#" ind2="4">
      <subfield code="a">Nabi Muhammad,</subfield>
    </datafield>
    <datafield tag="990" ind1="#" ind2="#">
      <subfield code="a">00084478</subfield>
    </datafield>
    <datafield tag="990" ind1="#" ind2="#">
      <subfield code="a">1200000907</subfield>
    </datafield>
  </record>
</collection>
